Countries with the Most 2M Cities - Statistics

General Stats
  • This quiz has been taken 105 times
  • The average score is 9 of 10
Answer Stats
# Country % Correct
54 China
100%
32 United States
100%
27 India
99%
13 Brazil
98%
5 Indonesia
91%
6 Japan
90%
7 Mexico
88%
8 Pakistan
85%
6 Germany
80%
6 Nigeria
76%
No matching quizzes found
Score Distribution
Percent of People with Each Score
Percentile by Number Answered
Your Score History
You have not taken this quiz